Técnicas computacionales en combinatoria secuencial
Gorde:
| Egile nagusia: | |
|---|---|
| Formatua: | Liburua |
| Argitaratua: |
[San José , Costa Rica]
1976
|
| Etiketak: |
Etiketa erantsi
Etiketarik gabe, Izan zaitez lehena erregistro honi etiketa jartzen!
|
MARC
| LEADER | 00000nam a2200000Ia 4500 | ||
|---|---|---|---|
| 003 | 007089 | ||
| 005 | 20221231144313.0 | ||
| 008 | 140114s1976 c aa m 000 ||s d | ||
| 040 | |c cru CEDI | ||
| 090 | |a TFG 2848 | ||
| 100 | |a Huguet Soliva, Alberto |9 11906 | ||
| 245 | |a Técnicas computacionales en combinatoria secuencial | ||
| 260 | |c 1976 |a [San José , Costa Rica] | ||
| 300 | |a 179[1] hojas : ilustraciones | ||
| 500 | |a Proyecto de graduación (bachiller en ingeniería industrial)--Universidad de Costa Rica. Facultad de Ingeniería. Escuela de Ingeniería Industrial | ||
| 942 | |c TFG | ||
| 999 | |c 19844 |d 19844 | ||
